Horace

Tallennettuna:
Bibliografiset tiedot
Päätekijä: Corneille, Pierre
Aineistotyyppi: Kirja
Kieli:Undetermined
Julkaistu: París, Francia Bordas 1966
Aiheet:
Tagit: Lisää tagi
Ei tageja, Lisää ensimmäinen tagi!

MARC

LEADER 00000nam a2200000Ia 4500
008 170316s9999 xx 000 0 und d
040 |a cru BVZT 
090 |a 840 C-12h 
100 |a Corneille, Pierre 
245 |a Horace 
260 |a París, Francia 
260 |b Bordas 
260 |c 1966 
300 |a 127 páginas 
650 |a LITERATURA FRANCESA 
999 |c 7572  |d 7572 
942 |c 15 D  |h 840 C-12h  |2 z